|
|
|
|
| LEADER |
00950nam a22002297a 4500 |
| 001 |
AAL9659 |
| 003 |
BD-DhAAL |
| 005 |
20180715112701.0 |
| 008 |
180715s 2017b ||||| |||| 00| 0 b d |
| 999 |
|
|
|c 39773
|d 39773
|
| 020 |
|
|
|a 9789849242833
|
| 040 |
|
|
|a BD-DhAAL
|c BD-DhAAL
|
| 082 |
|
|
|a 813/.6
|
| 245 |
|
|
|a পৃথিবীর সেরা ১২ সায়েন্স ফিকশন /
|c অনুবাদ অনীশ দাস অপু
|
| 260 |
|
|
|a ঢাকা :
|b এ পি পি এল,
|c ২০১৭
|
| 300 |
|
|
|a ২১৪ পৃ. ;
|c ২২ সে.মি.
|
| 541 |
|
|
|e 9659
|
| 650 |
|
|
|a Science fiction
|9 27275
|
| 700 |
|
|
|a অপু, অনীশ দাস
|9 27276
|
| 852 |
|
|
|a Savar Campus Library
|c General Shelf
|
| 942 |
|
|
|2 ddc
|c BK
|
| 952 |
|
|
|0 0
|1 0
|2 ddc
|4 0
|6 813_000000000000000__6_OPU
|7 0
|9 63801
|a SCL
|b SCL
|c GEN
|d 2018-07-15
|e Development Book Agency
|g 270.00
|l 10
|m 12
|o 813.6 OPU
|p 3020009659
|r 2024-04-28
|s 2024-04-24
|t 1
|w 2018-07-15
|y BK
|